[Event "ICS rated blitz match"]
[Site "204.178.125.65"]
[Date "2000.11.13"]
[Round "?"]
[White "PostModernist"]
[Black "Hossa"]
[Result "1-0"]
[WhiteElo "2622"]
[BlackElo "2601"]
[PlyCount "113"]
[EventDate "2000.??.??"]

1. e4 c5 2. c3 Nf6 3. e5 Nd5 4. d4 cxd4 5. Nf3 Nc6 6. Bc4 Nb6 7. Bb3 d6 8. exd6
Qxd6 9. Na3 dxc3 10. Nb5 Qxd1+ 11. Kxd1 cxb2 12. Bxb2 Rb8 13. Be5 Nxe5 14. Nc7+
Kd8 15. Nxe5 f6 16. Nf7+ Kxc7 17. Rc1+ Kd7 18. Nxh8 Ke8 19. Bf7+ Kd8 20. Ke2 e5
21. Rhd1+ Bd7 22. Be6 Ba3 23. Rc3 Bb2 24. Rg3 g5 25. Bxd7 Kc7 26. Nf7 Nxd7 27.
Rh3 Nf8 28. Nd6 Ra8 29. Ne4 Rc8 30. Nxf6 Kb8 31. Nd7+ Nxd7 32. Rxd7 Rc2+ 33.
Kd1 Rc1+ 34. Kd2 Rc4 35. Rhxh7 Rd4+ 36. Rxd4 Bxd4 37. f3 Kc8 38. Rh5 e4 39.
fxe4 Bf6 40. g3 Kd7 41. Rh7+ Be7 42. Kd3 Ke6 43. Kc4 a6 44. Rxe7+ Kxe7 45. Kd5
Kf7 46. h3 a5 47. Kd6 a4 48. e5 Ke8 49. h4 gxh4 50. gxh4 Kf8 51. e6 a3 52. e7+
Kg7 53. e8=Q b6 54. h5 b5 55. Qg6+ Kh8 56. h6 b4 57. Qg7# {Hossa checkmated}
1-0

[Event "ICS rated blitz match"]
[Site "204.178.125.65"]
[Date "2000.11.14"]
[Round "?"]
[White "Hossa"]
[Black "PostModernist"]
[Result "1-0"]
[WhiteElo "2586"]
[BlackElo "2637"]
[PlyCount "159"]
[EventDate "2000.??.??"]

1. e4 c6 2. d3 e5 3. d4 Nf6 4. dxe5 Qa5+ 5. Nd2 Nxe4 6. Qe2 Ng5 7. c3 Qd5 8.
Nc4 Ne6 9. Qf3 Qxf3 10. Nxf3 d5 11. exd6 b5 12. d7+ Bxd7 13. Nce5 Be7 14. Bd3
Nc5 15. Bc2 O-O 16. O-O Be6 17. Nd4 Bd5 18. Re1 Re8 19. Bf4 g5 20. Be3 f6 21.
Ng4 Nbd7 22. Rad1 a6 23. Nh6+ Kh8 24. Nhf5 Bf8 25. f3 Nb6 26. b3 a5 27. Bb1 Kg8
28. Ne2 Nbd7 29. Neg3 Rad8 30. Re2 b4 31. c4 Be6 32. Nd6 Re7 33. Ngf5 Bxf5 34.
Nxf5 Rf7 35. Bc2 Re8 36. Red2 Kh8 37. Rd4 h5 38. f4 g4 39. R4d2 a4 40. bxa4 Kg8
41. Rd4 Ra8 42. Ng3 h4 43. Nf5 Rh7 44. Bf2 h3 45. Ne3 Rg7 46. Bf5 Nb6 47. Nxg4
hxg2 48. Nxf6+ Kf7 49. Ng4 Rg8 50. Ne5+ Kg7 51. R1d2 Rxa4 52. Bh4 Kh6 53. Bg5+
Rxg5 54. fxg5+ Kg7 55. Rxg2 b3 56. Bb1 Ne6 57. Rdg4 Bc5+ 58. Kf1 Bd4 59. Re4
Bxe5 60. Rxe5 Nf4 61. Rf2 Rxc4 62. axb3 Rd4 63. Re7+ Kg8 64. Bh7+ Kh8 65. Bf5
Nbd5 66. Re1 Nd3 67. Re8+ Kg7 68. Rf3 N3f4 69. Re1 Rd2 70. Rf2 Rd3 71. Bxd3
Nxd3 72. h4 Nxe1 73. Kxe1 Kg6 74. Re2 Kf5 75. h5 Nb4 76. g6 Kf6 77. Rf2+ Kg5
78. Rg2+ Kf6 79. g7 Nd3+ 80. Kf1 {PostModernist resigns} 1-0

[Event "ICS rated blitz match"]
[Site "204.178.125.65"]
[Date "2000.11.14"]
[Round "?"]
[White "Hossa"]
[Black "gigi201"]
[Result "1-0"]
[WhiteElo "2604"]
[BlackElo "2182"]
[PlyCount "43"]
[EventDate "2000.??.??"]

1. e4 c5 2. Nf3 d6 3. d4 cxd4 4. Nxd4 Nf6 5. Nc3 a6 6. a4 e5 7. Nf3 Be6 8. Ng5
Be7 9. Nxe6 fxe6 10. Bc4 Qc8 11. Bb3 O-O 12. Be3 Nc6 13. a5 Rd8 14. Na4 d5 15.
Nb6 Qc7 16. Nxa8 Rxa8 17. exd5 Rd8 18. Bb6 Qd6 19. Bxd8 Bxd8 20. dxc6 Qb4+ 21.
Qd2 Qe4+ 22. Kf1 {gigi201 resigns} 1-0

[Event "ICS rated standard match"]
[Site "204.178.125.65"]
[Date "2000.11.14"]
[Round "?"]
[White "Hossa"]
[Black "DiepBlue"]
[Result "0-1"]
[WhiteElo "2290"]
[BlackElo "2411"]
[PlyCount "120"]
[EventDate "2000.??.??"]

1. e4 e5 2. Nf3 Nc6 3. Bb5 a6 4. Ba4 Nf6 5. O-O Be7 6. Re1 b5 7. Bb3 d6 8. c3
O-O 9. a4 b4 10. d4 bxc3 11. dxe5 cxb2 12. Bxb2 dxe5 13. Nxe5 Nxe5 14. Bxe5
Qxd1 15. Rxd1 Rb8 16. Bc2 Be6 17. Bd3 Rbd8 18. Bxc7 Rd7 19. Ba5 Bc5 20. Rd2 Ng4
21. Be2 Bxf2+ 22. Kh1 Bd4 23. Bxg4 Bxg4 24. Nc3 Rc8 25. Rc1 Bf6 26. Rdc2 Bd1
27. Ra2 Bb3 28. Raa1 Rb8 29. Rab1 Bg5 30. Rc2 Rdb7 31. Re2 h6 32. Reb2 Bf6 33.
h3 Be5 34. Kg1 f6 35. Kf2 Kh7 36. Ke3 h5 37. Kf2 Kh6 38. Ke3 Kh7 39. Kf2 h4 40.
Ke1 g5 41. Kf2 Kg6 42. Ke3 f5 43. exf5+ Kxf5 44. Re2 Re8 45. Ne4 Bf4+ 46. Kd4
Rd7+ 47. Kc3 Bf7 48. Rb6 Rxe4 49. Rxe4 Kxe4 50. Kb2 Rd1 51. Rxa6 Kd3 52. Rc6
Be5+ 53. Bc3 Rd2+ 54. Ka3 Bxc3 55. Rd6+ Kc2 56. Rf6 Bxf6 57. Kb4 Rd5 58. g4
Bc3+ 59. Ka3 Rd1 60. a5 Ra1# {Hossa checkmated} 0-1

[Event "ICS rated blitz match"]
[Site "204.178.125.65"]
[Date "2000.11.14"]
[Round "?"]
[White "AdvancedChess"]
[Black "Hossa"]
[Result "1/2-1/2"]
[WhiteElo "2715"]
[BlackElo "2607"]
[PlyCount "133"]
[EventDate "2000.??.??"]

1. d4 d5 2. c4 Nc6 3. Nf3 dxc4 4. e3 e5 5. Bxc4 exd4 6. O-O dxe3 7. Qe2 Bd6 8.
Bxe3 Nge7 9. Ng5 Ne5 10. Bb5+ c6 11. Rd1 cxb5 12. Ne4 Nc4 13. Nxd6+ Nxd6 14.
Bc5 O-O 15. Bxd6 Be6 16. Qxb5 Nf5 17. Nc3 Nxd6 18. Qb4 Qe7 19. Qxd6 Qxd6 20.
Rxd6 Rad8 21. Nb5 Rxd6 22. Nxd6 Rd8 23. Nxb7 Rb8 24. Nc5 Rxb2 25. a4 Rc2 26.
Nxe6 fxe6 27. Kf1 a6 28. Re1 Kf7 29. Re5 Kf6 30. Ra5 Rc6 31. f4 h6 32. Ke2 g5
33. fxg5+ hxg5 34. Kd3 Rb6 35. Kc3 e5 36. Rd5 Kf5 37. Rd2 g4 38. Rf2+ Ke4 39.
Re2+ Kf4 40. g3+ Kf5 41. Rf2+ Ke4 42. Re2+ Kd5 43. Rd2+ Ke6 44. Rd8 Kf5 45. Kc4
Rb2 46. Rh8 a5 47. Kd5 Rd2+ 48. Kc5 Rb2 49. Rh5+ Ke4 50. Kd6 Rb6+ 51. Ke7 Kd5
52. Rg5 Re6+ 53. Kf7 Rh6 54. Rxg4 Rxh2 55. Rg8 Ra2 56. Rd8+ Ke4 57. Ke6 Rxa4
58. Rd5 Ke3 59. Kxe5 Re4+ 60. Kd6 a4 61. Kc6 Re6+ 62. Kb5 a3 63. Rd1 Kf3 64.
Ra1 Re3 65. Kb4 Kxg3 66. Rxa3 Rxa3 67. Kxa3 {
Game drawn because neither player has mating material} 1/2-1/2

[Event "ICS rated blitz match"]
[Site "204.178.125.65"]
[Date "2000.11.14"]
[Round "?"]
[White "QueenMaxima"]
[Black "Hossa"]
[Result "1/2-1/2"]
[WhiteElo "2630"]
[BlackElo "2612"]
[PlyCount "100"]
[EventDate "2000.??.??"]

1. d4 Nf6 2. g3 d5 3. Nf3 Bf5 4. Bg2 e6 5. O-O Bd6 6. c4 dxc4 7. Nfd2 Nc6 8.
Nxc4 O-O 9. Nc3 Bb4 10. Bxc6 bxc6 11. Bf4 Bh3 12. Re1 c5 13. a3 Bxc3 14. bxc3
Qd5 15. Ne3 Qc6 16. Be5 Nd5 17. Nxd5 exd5 18. e4 dxe4 19. d5 Qg6 20. Bxc7 Rac8
21. d6 Qf5 22. Qa4 Qf3 23. Qxe4 Qxc3 24. Qc6 Qd4 25. Rad1 Qc3 26. d7 Bxd7 27.
Qxd7 a6 28. Bd6 Rfd8 29. Qa4 c4 30. Bb4 Qf6 31. Rd6 Qg5 32. Qxa6 Qg4 33. Rxd8+
Rxd8 34. Qb5 h5 35. f4 Qc8 36. Rc1 h4 37. Rxc4 Qh3 38. Qh5 g6 39. Qf3 hxg3 40.
hxg3 Qd7 41. Qc3 Qd1+ 42. Kf2 Qb1 43. Rc7 Qh1 44. Qf6 Qh2+ 45. Ke3 Qg1+ 46. Ke4
Qg2+ 47. Ke3 Qg1+ 48. Ke4 Qg2+ 49. Ke3 Qg1+ 50. Ke4 Qg2+ {
Game drawn by repetition} 1/2-1/2

[Event "ICS rated blitz match"]
[Site "204.178.125.65"]
[Date "2000.11.14"]
[Round "?"]
[White "Hossa"]
[Black "Jossi"]
[Result "1-0"]
[WhiteElo "2613"]
[BlackElo "1943"]
[PlyCount "37"]
[EventDate "2000.??.??"]

1. e4 d5 2. exd5 Qxd5 3. Nc3 Qa5 4. d4 c6 5. Nf3 Nf6 6. Bc4 Bg4 7. h3 Bxf3 8.
Qxf3 e6 9. O-O Bb4 10. Ne4 Nxe4 11. Qxe4 Nd7 12. Qg4 O-O 13. Bh6 g6 14. Bxf8
Kxf8 15. Qf4 Be7 16. Bxe6 Nf6 17. Bc4 Re8 18. c3 Nh5 19. Qxf7# {
Jossi checkmated} 1-0

[Event "ICS rated blitz match"]
[Site "204.178.125.65"]
[Date "2000.11.14"]
[Round "?"]
[White "Jossi"]
[Black "Hossa"]
[Result "0-1"]
[WhiteElo "1942"]
[BlackElo "2614"]
[PlyCount "26"]
[EventDate "2000.??.??"]

1. e4 e5 2. Nf3 Nc6 3. Nc3 Bb4 4. d4 exd4 5. Nxd4 Qh4 6. Nxc6 Qxe4+ 7. Qe2
Qxe2+ 8. Bxe2 Bxc3+ 9. Bd2 Bxd2+ 10. Kxd2 dxc6 11. Rhe1 Be6 12. Bc4 O-O-O+ 13.
Kc1 Bxc4 {Jossi resigns} 0-1

[Event "ICS rated blitz match"]
[Site "204.178.125.65"]
[Date "2000.11.14"]
[Round "?"]
[White "Hossa"]
[Black "Tinker"]
[Result "0-1"]
[WhiteElo "2615"]
[BlackElo "2412"]
[PlyCount "110"]
[EventDate "2000.??.??"]

1. e4 c5 2. Nf3 d6 3. d4 cxd4 4. Nxd4 Nf6 5. Nc3 g6 6. Be3 Bg7 7. f3 O-O 8. Bc4
Nc6 9. Bb3 Bd7 10. h4 h5 11. Qe2 Na5 12. O-O-O Rc8 13. g3 Nh7 14. Nd5 Nxb3+ 15.
Nxb3 e6 16. Nf4 Qc7 17. Rh2 Rfe8 18. Qd2 Nf6 19. Qxd6 Qxd6 20. Rxd6 e5 21. Nd5
Nxd5 22. exd5 Bf5 23. Bxa7 Bh6+ 24. Kb1 e4 25. f4 e3 26. Re2 Rxc2 27. Rxc2 Bf8
28. Rf6 Bxc2+ 29. Kxc2 Be7 30. Rxg6+ fxg6 31. Bxe3 Bxh4 32. gxh4 Rxe3 33. Nc5
Kf7 34. Nxb7 Rf3 35. d6 Ke6 36. Nc5+ Kxd6 37. Nd3 Kd5 38. Kd2 Ke4 39. Ne5 Rxf4
40. Nxg6 Rf7 41. Nh8 Rd7+ 42. Ke2 Kf5 43. Kf3 Rh7 44. b4 Rxh8 45. a4 Ra8 46. a5
Rb8 47. a6 Rxb4 48. Kg3 Ra4 49. Kh3 Rxa6 50. Kg2 Ke4 51. Kg3 Ke3 52. Kg2 Rg6+
53. Kh2 Rg4 54. Kh3 Kf2 55. Kh2 Rxh4# {Hossa checkmated} 0-1

[Event "ICS rated blitz match"]
[Site "204.178.125.65"]
[Date "2000.11.14"]
[Round "?"]
[White "QueenMaxima"]
[Black "Hossa"]
[Result "0-1"]
[WhiteElo "2635"]
[BlackElo "2591"]
[PlyCount "172"]
[EventDate "2000.??.??"]

1. d4 d5 2. c4 Nc6 3. Nc3 dxc4 4. Nf3 Nf6 5. e3 e5 6. d5 e4 7. dxc6 Qxd1+ 8.
Kxd1 exf3 9. gxf3 bxc6 10. Bxc4 Bd6 11. b3 Bh3 12. Ke2 Nd7 13. Bb2 Ne5 14. Ba6
Rb8 15. f4 Bg4+ 16. Kd2 Nf3+ 17. Kc2 Rd8 18. h3 Bf5+ 19. e4 Nd4+ 20. Kb1 Bg6
21. f5 Nxf5 22. h4 h6 23. h5 Bh7 24. Ne2 Ne7 25. f3 Rg8 26. Bd4 c5 27. Bb2 c6
28. a3 Bc7 29. Ka2 g5 30. hxg6 Rxg6 31. Bc3 Rgd6 32. Rag1 Bg8 33. Rh5 f5 34.
Rxf5 Bf7 35. Rxf7 Kxf7 36. Rg7+ Ke8 37. Rh7 Rg6 38. f4 Rg4 39. e5 Nd5 40. Be1
Rg2 41. Bh4 Nc3+ 42. Kb2 Nxe2 43. Bxd8 Nxf4+ 44. Kb1 Rg1+ 45. Kc2 Bxd8 46. Rxh6
Rg2+ 47. Kd1 Ra2 48. a4 Kd7 49. Bc4 Be7 50. Rh8 Nd5 51. Ra8 Bd8 52. Rxa7+ Ke6
53. Ra8 Bc7 54. Ra6 Kxe5 55. Rxc6 Bd6 56. Kc1 Be7 57. Rg6 Nf4 58. Rg8 Ne2+ 59.
Bxe2 Rxe2 60. Re8 Kd4 61. Rg8 Kc3 62. Rg3+ Kb4 63. Kd1 Rb2 64. Rg7 Bf6 65. Rb7+
Ka3 66. a5 c4 67. Rf7 cxb3 68. Rxf6 Rg2 69. Rb6 Ka2 70. a6 Rg7 71. Rb5 b2 72.
Ra5+ Kb3 73. Rb5+ Kc3 74. Ke2 Ra7 75. Kf2 Rxa6 76. Ke3 Ra4 77. Rxb2 Kxb2 78.
Kd3 Rb4 79. Kd2 Rb3 80. Ke2 Kc2 81. Kf2 Kd2 82. Kf1 Ke3 83. Kg2 Ke2 84. Kg1 Kf3
85. Kh2 Kf2 86. Kh1 Rh3# {QueenMaxima checkmated} 0-1

[Event "ICS rated blitz match"]
[Site "204.178.125.65"]
[Date "2000.11.14"]
[Round "?"]
[White "PostModernist"]
[Black "Hossa"]
[Result "0-1"]
[WhiteElo "2598"]
[BlackElo "2609"]
[PlyCount "114"]
[EventDate "2000.??.??"]

1. e4 e5 2. Bc4 Nf6 3. d3 c6 4. Bb3 d5 5. Nf3 Bd6 6. Nc3 dxe4 7. Ng5 O-O 8.
Ncxe4 Nxe4 9. Nxe4 Be7 10. O-O a5 11. Qh5 a4 12. Bc4 b5 13. Bxb5 cxb5 14. Qxe5
Nc6 15. Qh5 Nd4 16. Qd1 f5 17. Nc3 b4 18. Ne2 Re8 19. Re1 Nxe2+ 20. Qxe2 Bd7
21. d4 Qc7 22. Be3 Bd6 23. g3 f4 24. gxf4 Qc6 25. b3 Rac8 26. Qd3 Qxc2 27. Qxc2
Rxc2 28. bxa4 Bxa4 29. Rec1 Re2 30. Re1 Rxe1+ 31. Rxe1 Bc2 32. Re2 Bd1 33. Rb2
Bf3 34. Kf1 Kf7 35. Bc1 Re4 36. Be3 Kf6 37. Kg1 Kf5 38. Kf1 Re8 39. h3 g6 40.
Bc1 h6 41. Be3 Re7 42. Kg1 Bd5 43. Bd2 Re2 44. Bxb4 Rxb2 45. Bxd6 Rxa2 46. Kf1
Ra1+ 47. Ke2 Rh1 48. h4 Rxh4 49. Ke3 Rh3+ 50. Kd2 Bc4 51. Be5 Rd3+ 52. Ke1 h5
53. Kf1 Rxd4+ 54. Kg2 Bd5+ 55. Kh2 Rxf4 56. Bxf4 Kxf4 57. Kg1 g5 {
PostModernist resigns} 0-1

[Event "ICS rated blitz match"]
[Site "204.178.125.65"]
[Date "2000.11.14"]
[Round "?"]
[White "Hossa"]
[Black "PostModernist"]
[Result "0-1"]
[WhiteElo "2624"]
[BlackElo "2583"]
[PlyCount "114"]
[EventDate "2000.??.??"]

1. e4 e6 2. Nf3 d5 3. exd5 exd5 4. d4 Nf6 5. Bd3 Be7 6. O-O O-O 7. Re1 Bg4 8.
h3 Bh5 9. Bf4 Nc6 10. c3 Re8 11. Nbd2 Bd6 12. Rxe8+ Nxe8 13. Bxd6 Qxd6 14. Qb3
Bxf3 15. Nxf3 b6 16. Re1 Nf6 17. Qc2 a6 18. Ng5 g6 19. Nf3 b5 20. Qd2 Re8 21.
Rxe8+ Nxe8 22. Qg5 f6 23. Qg4 Ng7 24. Qc8+ Nd8 25. Nd2 Nge6 26. Nb3 Kg7 27. g3
Qc6 28. h4 f5 29. h5 Kf7 30. hxg6+ hxg6 31. Be2 Qd6 32. Bf3 Ng5 33. Bg2 Nde6
34. Qa8 Ne4 35. Qh8 f4 36. Qh7+ Ng7 37. g4 Qe6 38. Qh4 g5 39. Qh3 Nf6 40. Nc5
Qe2 41. Nxa6 c6 42. Qf3 Qxb2 43. Nb4 Ne4 44. Nxc6 Qxa2 45. Nb4 Qa1+ 46. Kh2 Qe1
47. Qd3 Qxf2 48. Qxb5 f3 49. Qxd5+ Kf8 50. Qd8+ Ne8 51. Qe7+ Kxe7 52. Nd5+ Kd8
53. Ne3 Qg3+ 54. Kh1 f2 55. Nf1 Qh4+ 56. Bh3 Qxh3+ 57. Nh2 f1=Q# {
Hossa checkmated} 0-1

[Event "ICS rated blitz match"]
[Site "204.178.125.65"]
[Date "2000.11.14"]
[Round "?"]
[White "PostModernist"]
[Black "Hossa"]
[Result "1-0"]
[WhiteElo "2601"]
[BlackElo "2606"]
[PlyCount "69"]
[EventDate "2000.??.??"]

1. d4 d5 2. Nf3 e6 3. e3 Nf6 4. Bd3 c5 5. b3 Nc6 6. a3 Ne4 7. Bb2 cxd4 8. Nxd4
Qa5+ 9. c3 Nxd4 10. exd4 Bd7 11. O-O O-O-O 12. Re1 Nf6 13. Nd2 Bd6 14. Nf3 Kb8
15. Ne5 Be8 16. c4 Rc8 17. b4 Qd8 18. c5 Bc7 19. c6 Qe7 20. cxb7 Kxb7 21. Rc1
Nd7 22. Ba6+ Kxa6 23. Nc6 Bxh2+ 24. Kh1 Nb6 25. Nxe7 Rxc1 26. Qxc1 Bd6 27. Nc8
Nc4 28. Nxd6 Nxd6 29. Qc7 Nc4 30. a4 g6 31. Ra1 Na3 32. Rxa3 Bd7 33. b5+ Bxb5
34. axb5+ Kxb5 35. Qc5# {Hossa checkmated} 1-0

[Event "ICS rated blitz match"]
[Site "204.178.125.65"]
[Date "2000.11.14"]
[Round "?"]
[White "Hossa"]
[Black "QueenMaxima"]
[Result "0-1"]
[WhiteElo "2590"]
[BlackElo "2620"]
[PlyCount "144"]
[EventDate "2000.??.??"]

1. d4 e6 2. Nf3 c5 3. dxc5 Nf6 4. b4 a5 5. c3 axb4 6. cxb4 b6 7. Be3 bxc5 8.
Bxc5 Bxc5 9. bxc5 Bb7 10. Qd4 Qa5+ 11. Nbd2 Bd5 12. Ne5 O-O 13. f3 Rc8 14. e4
Bxa2 15. Bc4 Qxc5 16. Qxc5 Rxc5 17. Bxa2 Rxe5 18. Kf2 Rea5 19. Rac1 Nc6 20. Bb1
Rh5 21. g4 Rha5 22. Nc4 Rb5 23. Rhd1 h6 24. Nd6 Rb3 25. Bc2 Ra2 26. Kg3 Rbb2
27. Bd3 Rg2+ 28. Kf4 e5+ 29. Ke3 Rxh2 30. Bf1 Ra3+ 31. Rd3 Ra8 32. Rdc3 Raa2
33. Rb1 Raf2 34. Ra3 Nd4 35. Ra8+ Kh7 36. Kd3 Rxf3+ 37. Kc4 Nxg4 38. Kc5 Rh1
39. Raa1 Nb3+ 40. Rxb3 Rxb3 41. Bc4 Rxa1 42. Bxb3 f6 43. Bc4 Rc1 44. Kb6 Ne3
45. Bb5 g6 46. Ne8 f5 47. Nf6+ Kg7 48. Nxd7 fxe4 49. Ka6 Nd5 50. Be2 Nf4 51.
Bb5 e3 52. Nxe5 e2 53. Nf3 Kf6 54. Kb6 Rf1 55. Bxe2 Nxe2 56. Nd2 Rc1 57. Ne4+
Ke5 58. Nf2 Kd4 59. Kb7 Rg1 60. Nh3 Ke3 61. Kb8 Rg3 62. Ng5 hxg5 63. Kc7 g4 64.
Kd6 Rf3 65. Ke5 g3 66. Kd5 g2 67. Ke5 g1=Q 68. Kd6 Qg5 69. Kd7 Rf7+ 70. Ke6
Qf5+ 71. Kd6 Kd4 72. Kc6 Qc5# {Hossa checkmated} 0-1

[Event "ICS rated standard match"]
[Site "204.178.125.65"]
[Date "2000.11.14"]
[Round "?"]
[White "DiepBlue"]
[Black "Hossa"]
[Result "1-0"]
[WhiteElo "2400"]
[BlackElo "2279"]
[PlyCount "111"]
[EventDate "2000.??.??"]

1. d4 e6 2. c4 Nf6 3. Nc3 d5 4. Qc2 c5 5. dxc5 d4 6. Na4 Na6 7. Nf3 Nxc5 8.
Nxc5 Bxc5 9. a3 O-O 10. Bf4 Ng4 11. Qd3 e5 12. Nxe5 Bd6 13. Nxg4 Bxf4 14. h3
Qb6 15. b4 f5 16. Nh2 a5 17. c5 Qf6 18. Rd1 axb4 19. axb4 Be6 20. g3 Be5 21.
Nf3 Rfd8 22. Bg2 Bd5 23. O-O Be4 24. Qd2 Qe6 25. Ng5 Qg6 26. Nxe4 fxe4 27. Qc2
Ra7 28. Bxe4 Qh5 29. Qd3 Qxh3 30. Qf3 Kh8 31. Bxb7 Rb8 32. c6 Ra2 33. b5 Rb2
34. Rb1 Rc2 35. b6 h6 36. Rbc1 Rc3 37. Rxc3 dxc3 38. c7 Rg8 39. Qf7 c2 40.
Qxg8+ Kxg8 41. c8=Q+ Qxc8 42. Bxc8 Kf7 43. Rc1 h5 44. Rxc2 g6 45. Bh3 Bd6 46.
Rc8 Be5 47. e3 Ke7 48. f4 Bd6 49. e4 g5 50. e5 Ba3 51. b7 g4 52. b8=Q Ke6 53.
Qb6+ Kf5 54. Bg2 Bd6 55. Qxd6 h4 56. Qf6# {Hossa checkmated} 1-0

[Event "ICS rated bullet match"]
[Site "204.178.125.65"]
[Date "2000.11.14"]
[Round "?"]
[White "Tim"]
[Black "Hossa"]
[Result "1/2-1/2"]
[WhiteElo "2127"]
[BlackElo "2417"]
[PlyCount "290"]
[EventDate "2000.??.??"]

1. d4 e6 2. Nc3 d5 3. e4 Bb4 4. Nge2 dxe4 5. a3 Bxc3+ 6. Nxc3 Nc6 7. d5 exd5 8.
Qxd5 Nf6 9. Qxd8+ Nxd8 10. Bg5 Nd7 11. Nxe4 Ne6 12. Be3 O-O 13. O-O-O Ne5 14.
h3 f5 15. Nc5 f4 16. Nxe6 Bxe6 17. Bd4 Nc6 18. Bc3 Rad8 19. Bb5 Bd5 20. f3 Rd6
21. Rhe1 a6 22. Bxc6 Bxc6 23. Rxd6 cxd6 24. Re7 Rf7 25. Rxf7 Kxf7 26. h4 Bb5
27. Bd2 Bf1 28. Bxf4 Bxg2 29. Bxd6 Bxf3 30. Kd2 Ke6 31. Bf8 Kf6 32. c4 g5 33.
hxg5+ Kxg5 34. b4 h5 35. Ke3 Kg4 36. Be7 Bc6 37. Kd4 h4 38. Kc5 h3 39. Bd6 Kf3
40. b5 axb5 41. cxb5 Be4 42. a4 Kf2 43. a5 Kg1 44. a6 bxa6 45. bxa6 Ba8 46. Kb6
Kg2 47. Kc7 Be4 48. Kb8 Kf3 49. a7 h2 50. Bxh2 Bd5 51. Bc7 Be4 52. Bb6 Bd5 53.
Bc7 Be4 54. Bb6 Bd5 55. Kc7 Be4 56. Bc5 Bd5 57. Bb6 Be4 58. Ba5 Bd5 59. Bb6 Be4
60. Bd4 Bd5 61. Bc5 Be4 62. Bd6 Bd5 63. Kb6 Be4 64. Bc7 Bd5 65. Bd6 Be4 66. Be7
Bd5 67. Bf8 Be4 68. Bd6 Bd5 69. Bb4 Be4 70. Bc3 Bd5 71. Bd4 Be4 72. Bc5 Bd5 73.
Bd6 Be4 74. Kc5 Bb7 75. Kb6 Bd5 76. Kb5 Be4 77. Kc5 Bb7 78. Kb6 Bd5 79. Kc7 Be4
80. Kb8 Bd5 81. Bb4 Be4 82. Bc5 Bd5 83. Bb6 Be4 84. Bc7 Bc6 85. Bd8 Bd5 86. Be7
Be4 87. Bd6 Bd5 88. Kc7 Be4 89. Kb6 Bd5 90. Kc5 Bb7 91. Kd4 Bc6 92. Ke5 Bb7 93.
Bc5 Bc6 94. Kd6 Be4 95. Kc7 Bd5 96. Kb6 Be4 97. Kc7 Bd5 98. Kb8 Be4 99. Kc7 Bd5
100. Kb6 Be4 101. Kc7 Bd5 102. Kd6 Be4 103. Kc7 Bd5 104. Kb6 Be4 105. Kc7 Bd5
106. Kb8 Be4 107. Kc8 Bd5 108. Kb8 Be4 109. Kc7 Bd5 110. Kb6 Be4 111. Ka6 Bd3+
112. Kb6 Be4 113. Kc7 Bd5 114. Kd6 Be4 115. Kc7 Bd5 116. Kc8 Be4 117. Bb6 Bd5
118. Ba5 Be4 119. Kc7 Bd5 120. Kb8 Be4 121. Kc7 Bd5 122. Kb6 Be4 123. Kc5 Bb7
124. Kd6 Be4 125. Kc7 Bd5 126. Kd8 Be4 127. Ke7 Bd5 128. Kd6 Be4 129. Kc7 Bd5
130. Kb6 Be4 131. Kc5 Bb7 132. Kd6 Be4 133. Kc7 Bd5 134. Kb8 Be4 135. Kc8 Bd5
136. Kd8 Be4 137. Ke7 Bd5 138. Kd6 Be4 139. Kc5 Bb7 140. Kb5 Bd5 141. Kb6 Be4
142. Kc7 Bd5 143. Kc8 Be4 144. Kc7 Bd5 145. a8=Q Bxa8 {
Game drawn because neither player has mating material} 1/2-1/2

[Event "ICS rated bullet match"]
[Site "204.178.125.65"]
[Date "2000.11.14"]
[Round "?"]
[White "Hossa"]
[Black "Tim"]
[Result "1-0"]
[WhiteElo "2406"]
[BlackElo "2138"]
[PlyCount "45"]
[EventDate "2000.??.??"]

1. e4 d5 2. exd5 Nf6 3. d4 Bg4 4. f3 Bf5 5. Bb5+ Nbd7 6. c4 e6 7. dxe6 Bxe6 8.
d5 Bf5 9. Nc3 Bb4 10. Qe2+ Be7 11. Bf4 O-O 12. g4 Bg6 13. O-O-O Re8 14. h4 h5
15. Qh2 Rc8 16. Ba4 hxg4 17. h5 Bh7 18. h6 g6 19. Nb5 gxf3 20. Bxc7 Rxc7 21.
Nxc7 Rf8 22. d6 Nc5 23. Bc2 {Tim resigns} 1-0

[Event "ICS rated blitz match"]
[Site "204.178.125.65"]
[Date "2000.11.14"]
[Round "?"]
[White "libertad"]
[Black "Hossa"]
[Result "0-1"]
[WhiteElo "1991"]
[BlackElo "2575"]
[PlyCount "54"]
[EventDate "2000.??.??"]

1. e4 e5 2. Nf3 Nc6 3. Bc4 Be7 4. c3 Nf6 5. d3 O-O 6. Bg5 Na5 7. Bb3 Nxb3 8.
Qxb3 d6 9. Nbd2 a5 10. a4 Be6 11. Qc2 Nd7 12. Bxe7 Qxe7 13. O-O f5 14. d4 fxe4
15. Nxe4 Bf5 16. Qe2 exd4 17. Rfe1 Bxe4 18. Qxe4 Qxe4 19. Rxe4 dxc3 20. bxc3
Rae8 21. Rae1 Rxe4 22. Rxe4 Nc5 23. Re7 Rc8 24. Ng5 Nxa4 25. Ne6 Nxc3 26. Rxg7+
Kh8 27. Rg3 Ne2+ {libertad resigns} 0-1

[Event "ICS rated standard match"]
[Site "204.178.125.65"]
[Date "2000.11.14"]
[Round "?"]
[White "BrazilianMaster"]
[Black "Hossa"]
[Result "1-0"]
[WhiteElo "2686"]
[BlackElo "2268"]
[PlyCount "71"]
[EventDate "2000.??.??"]

1. e4 e5 2. Nf3 Nc6 3. Nc3 Bb4 4. Nd5 Ba5 5. Bc4 Nf6 6. O-O d6 7. d3 Nxd5 8.
exd5 Ne7 9. d4 f6 10. dxe5 fxe5 11. Bg5 Bd7 12. c3 h6 13. Bh4 b5 14. Bb3 g5 15.
Nxe5 dxe5 16. Qh5+ Kf8 17. Bxg5 Qe8 18. Bxh6+ Kg8 19. Qg5+ Ng6 20. Rae1 Kh7 21.
Bc2 Qf7 22. h4 Bg4 23. Qxg4 Kxh6 24. Rxe5 Rag8 25. Rf5 Qe8 26. Rf6 Bb6 27. Qg5+
Kh7 28. h5 Ba5 29. Rxg6 Rxg6 30. Bxg6+ Kg7 31. Bxe8+ Kf8 32. Re1 Rh7 33. Qf6+
Kg8 34. Bg6 Bb4 35. Re8+ Bf8 36. Qxf8# {Hossa checkmated} 1-0

[Event "ICS rated blitz match"]
[Site "204.178.125.65"]
[Date "2000.11.14"]
[Round "?"]
[White "Hossa"]
[Black "evaster"]
[Result "1-0"]
[WhiteElo "2576"]
[BlackElo "1914"]
[PlyCount "33"]
[EventDate "2000.??.??"]

1. d4 Nf6 2. c4 d5 3. cxd5 Nxd5 4. e4 Nb6 5. Nf3 g6 6. Nc3 Bg7 7. Be2 Nc6 8. d5
Ne5 9. Nxe5 Bxe5 10. Bh6 e6 11. dxe6 Bxe6 12. Qxd8+ Rxd8 13. f4 Bxc3+ 14. bxc3
Nc4 15. Bg5 Rd7 16. Bf6 Rg8 17. Rb1 {evaster resigns} 1-0

[Event "ICS rated blitz match"]
[Site "204.178.125.65"]
[Date "2000.11.14"]
[Round "?"]
[White "Hossa"]
[Black "QueenMaxima"]
[Result "1-0"]
[WhiteElo "2577"]
[BlackElo "2642"]
[PlyCount "133"]
[EventDate "2000.??.??"]

1. d4 e6 2. Nc3 b6 3. e4 Bb7 4. Nf3 Nf6 5. e5 Ne4 6. Nxe4 Bxe4 7. Bd3 Bxd3 8.
Qxd3 Nc6 9. c3 Be7 10. O-O O-O 11. d5 exd5 12. Qxd5 Rc8 13. Rd1 Nb8 14. Bf4 Re8
15. Rd2 c6 16. Qd3 a6 17. Qf5 b5 18. Rad1 Qb6 19. Bg5 h6 20. Bxe7 Rxe7 21. Rd3
Rce8 22. Rd6 b4 23. Qc2 Qa5 24. cxb4 Qxa2 25. Rb1 Kh8 26. Rf1 Re6 27. Rdd1 Rg6
28. Rd4 Qe6 29. h3 Qa2 30. Rfd1 Rg8 31. Rh4 Rf8 32. Rf4 Kg8 33. Rc4 Rd8 34. Nd4
d5 35. Rc3 Re8 36. f4 Re7 37. f5 Rg5 38. Nf3 Re8 39. Ra3 Qc4 40. Qxc4 dxc4 41.
Nxg5 hxg5 42. Re3 f6 43. e6 g6 44. Rf1 gxf5 45. Rxf5 Kg7 46. Kf1 Kg6 47. g4 Re7
48. Kf2 Re8 49. Ke2 Re7 50. Kd2 Re8 51. Kc3 Kg7 52. Kxc4 Re7 53. Kc5 Kg6 54.
Kd6 Re8 55. Ref3 Kh7 56. Rxf6 Rd8+ 57. Kc7 Rd4 58. Rf7+ Kg8 59. e7 Re4 60. Rf8+
Kh7 61. e8=R Rxe8 62. Rxe8 a5 63. Re7+ Kg8 64. Kd8 Nd7 65. Rxd7 a4 66. Ke8 Kh8
67. Rf8# {QueenMaxima checkmated} 1-0

[Event "ICS rated blitz match"]
[Site "204.178.125.65"]
[Date "2000.11.14"]
[Round "?"]
[White "QueenMaxima"]
[Black "Hossa"]
[Result "0-1"]
[WhiteElo "2623"]
[BlackElo "2596"]
[PlyCount "102"]
[EventDate "2000.??.??"]

1. d4 Nf6 2. c3 d5 3. Nf3 Bf5 4. Bf4 Nh5 5. Be5 f6 6. Bg3 Nd7 7. e3 Nxg3 8.
hxg3 e5 9. Qb3 Nb6 10. dxe5 fxe5 11. Nxe5 Qf6 12. Nf3 O-O-O 13. Nbd2 Kb8 14.
O-O-O Be7 15. Bb5 c6 16. Be2 Bc5 17. Rh4 g5 18. Rh5 g4 19. Nh4 Be6 20. Rf1 Rdg8
21. f4 Bxe3 22. Re5 Bxd2+ 23. Kxd2 Nd7 24. Re3 Nc5 25. Qb4 Ne4+ 26. Kc1 c5 27.
Qa5 Re8 28. c4 b6 29. Qa3 Bc8 30. cxd5 Nxg3 31. Rxg3 Rxe2 32. Re3 Ba6 33. Rxe2
Bxe2 34. Rf2 Bc4 35. Qg3 Bxa2 36. f5+ Ka8 37. d6 Qd4 38. Qf4 Qd3 39. Qe5 Rd8
40. Rf4 Bb1 41. Rf2 Rxd6 42. Qe8+ Rd8 43. Qe2 Qb3 44. f6 Qa4 45. b3 Qxb3 46.
Qe1 Bd3 47. Re2 Qb1+ 48. Kd2 Qb2+ 49. Ke3 Qd4+ 50. Kd2 Be4+ 51. Kc1 Qa1# {
QueenMaxima checkmated} 0-1